Grafológia (Record no. 20358)
[ view plain ]
| 000 -LEADER | |
|---|---|
| fixed length control field | 01546nam a2200445 a 4500 |
| 001 - CONTROL NUMBER | |
| control field | 20358 |
| 003 - CONTROL NUMBER IDENTIFIER | |
| control field | VRT |
| 005 - DATE AND TIME OF LATEST TRANSACTION | |
| control field | 20260121135223.0 |
| 008 - FIXED-LENGTH DATA ELEMENTS--GENERAL INFORMATION | |
| fixed length control field | 251113s1997 xo a r 0 slo |
| 015 ## - NATIONAL BIBLIOGRAPHY NUMBER | |
| National bibliography number | SNBA1997/0601527 |
| 020 ## - INTERNATIONAL STANDARD BOOK NUMBER | |
| International Standard Book Number | 8071183385 |
| 035 ## - SYSTEM CONTROL NUMBER | |
| System control number | SNK000228593 |
| 039 #9 - LEVEL OF BIBLIOGRAPHIC CONTROL AND CODING DETAIL [OBSOLETE] | |
| Level of rules in bibliographic description | 202511131429 |
| Level of effort used to assign nonsubject heading access points | VLOAD |
| Level of effort used to assign subject headings | 202511131342 |
| Level of effort used to assign classification | VLOAD |
| Level of effort used to assign subject headings | 202510310858 |
| Level of effort used to assign classification | VLOAD |
| Level of effort used to assign subject headings | 202403131551 |
| Level of effort used to assign classification | VLOAD |
| 040 ## - CATALOGING SOURCE | |
| Original cataloging agency | SNK |
| Language of cataloging | slo |
| Transcribing agency | SNK |
| Description conventions | AACR2 |
| 041 0# - LANGUAGE CODE | |
| Language code of text/sound track or separate title | slo |
| 044 ## - COUNTRY OF PUBLISHING/PRODUCING ENTITY CODE | |
| MARC country code | xo |
| ISO country code | SK |
| 080 ## - UNIVERSAL DECIMAL CLASSIFICATION NUMBER | |
| Universal Decimal Classification number | 003.08(035) |
| Edition identifier | 1981 |
| 100 1# - MAIN ENTRY--PERSONAL NAME | |
| Personal name | Barrett, David V., |
| Dates associated with a name | 1952- |
| Relationship | aut |
| 240 10 - UNIFORM TITLE | |
| Uniform title | Graphology |
| Language of a work | Slovensky |
| 245 1# - TITLE STATEMENT | |
| Title | Grafológia |
| Statement of responsibility, etc. | David V. Barrett ; [z anglického originálu preložila Nina Šimunková] |
| 260 ## - PUBLICATION, DISTRIBUTION, ETC. | |
| Place of publication, distribution, etc. | Bratislava |
| Name of publisher, distributor, etc. | Ikar |
| Date of publication, distribution, etc. | 1997 |
| 300 ## - PHYSICAL DESCRIPTION | |
| Extent | 61 s. |
| Other physical details | fareb. ilustr. |
| Dimensions | 16 cm |
| 490 1# - SERIES STATEMENT | |
| Series statement | Veštecká knižnica |
| 500 ## - GENERAL NOTE | |
| General note | Ilustr. na tit. strane a front. |
| 500 ## - GENERAL NOTE | |
| General note | Údaj o prekl. prevzatý z rubu tit. strany |
| 504 ## - BIBLIOGRAPHY, ETC. NOTE | |
| Bibliography, etc. note | Reg. |
| 650 07 - SUBJECT ADDED ENTRY--TOPICAL TERM | |
| Topical term or geographic name entry element | grafológia |
| Source of heading or term | SNKPH |
| 655 #7 - INDEX TERM--GENRE/FORM | |
| Genre/form data or focus term | príručky |
| Source of term | SNK |
| 700 1# - ADDED ENTRY--PERSONAL NAME | |
| Personal name | Šimunková, Nina |
| Relationship | trl |
| 730 ## - ADDED ENTRY--UNIFORM TITLE | |
| Uniform title | Graphology |
| 830 #0 - SERIES ADDED ENTRY--UNIFORM TITLE | |
| Uniform title | Veštecká knižnica |
| 911 ## - EQUIVALENCE OR CROSS-REFERENCE-CONFERENCE OR MEETING NAME [LOCAL, CANADA] | |
| Meeting name or jurisdiction name as entry element | KN 1997/06 |
| Number [OBSOLETE] | 01527 |
| 942 ## - ADDED ENTRY ELEMENTS (KOHA) | |
| Source of classification or shelving scheme | Dewey Decimal Classification |
| Koha item type | Odborná literatúra pre dospelých |
| Suppress in OPAC | No |
| 949 ## - LOCAL PROCESSING INFORMATION (OCLC) | |
| 9 | P60, <09>, [BOOK], {629} |
| a | snkD 89 |
| b | snk821/970227 |
| 949 ## - LOCAL PROCESSING INFORMATION (OCLC) | |
| 6 | 17A0037393 |
| 9 | P60, <03>, [BOOK], {603} |
| a | snkSD 68385 |
| b | snkKSP 1906/97 |
| 949 ## - LOCAL PROCESSING INFORMATION (OCLC) | |
| 6 | 17A0037394 |
| 9 | P60, <04>, [BOOK], {604} |
| a | snkSD 68385 D1 |
| b | snkKSP 1907/97 |
| 949 ## - LOCAL PROCESSING INFORMATION (OCLC) | |
| 6 | 273K0226251 |
| a | svkpoA 169753 |
| b | svkpo422322 |
| 949 ## - LOCAL PROCESSING INFORMATION (OCLC) | |
| 6 | 4710709025 |
| a | strmkN 159.9 |
| b | strmk2008/9025 |
| Stav vyradenia | Strata | Poškodenie | Spôsob nadobudnutia | Domovská knižnica | Aktuálna knižnica | Dátum nadobudnutia | Total checkouts | Čiarový kód exemplára | Date last seen | Typ exemplára |
|---|---|---|---|---|---|---|---|---|---|---|
| Dar | Obecná knižnica Horná Štubňa | Obecná knižnica Horná Štubňa | 21.01.2026 | 9788071183389 | 21.01.2026 | Odborná literatúra pre dospelých |
